Environmentálne riziká v SR a možnosti ich financovania

Environmentálne riziká v SR. Meranie environmentálnych rizík. Prevencia ako nástroj minimalizácie environmentálnych rizík. Poistenie ako forma financovania environmentálnych rizík. Staré záťaže ako environmentálne riziko a možnosti ich financovania.

Gespeichert in:
Bibliographische Detailangaben
1. Verfasser: Romančíková, Eva
Format: Buchkapitel
Sprache:Slowakisch
Schlagworte:
Tags: Tag hinzufügen
Keine Tags, Fügen Sie das erste Tag hinzu!

MARC

LEADER 00000naa$a2200000$$$4500
001 0091497
005 20240502083232.4
041 0 |a slo 
044 |a CZ 
245 1 0 |a Environmentálne riziká v SR a možnosti ich financovania  |c Eva Romančíková 
520 |a Environmentálne riziká v SR. Meranie environmentálnych rizík. Prevencia ako nástroj minimalizácie environmentálnych rizík. Poistenie ako forma financovania environmentálnych rizík. Staré záťaže ako environmentálne riziko a možnosti ich financovania. 
610 2 0 |a riziko 
610 2 0 |a prostredie životné 
610 2 0 |a financovanie 
610 2 0 |a Slovensko 
610 2 0 |a meranie 
610 2 0 |a prevencia 
610 2 0 |a poistenie 
100 1 |a Romančíková, Eva